UBT Library

Agrarianism in American history, (Record no. 44553)

000 -LEADER
fixed length control field 00541cam a2200205 4500
001 - CONTROL NUMBER
control field 1777857
005 - DATE AND TIME OF LATEST TRANSACTION
control field 20180309041106.0
008 - FIXED-LENGTH DATA ELEMENTS--GENERAL INFORMATION
fixed length control field 700416s1969 mau b 000 0 eng
010 ## - LIBRARY OF CONGRESS CONTROL NUMBER
LC control number 77085749
040 ## - CATALOGING SOURCE
Original cataloging agency DLC
Transcribing agency DLC
Modifying agency DLC
041 ## - LANGUAGE CODE
Language code of text/sound track or separate title eng
080 ## - UNIVERSAL DECIMAL CLASSIFICATION NUMBER
Universal Decimal Classification number 338.1
082 00 - DEWEY DECIMAL CLASSIFICATION NUMBER
Classification number 338.1 DOU
100 1# - Rafti
Rafti 16
101 ## - Shkurtesa
Shkurtesa HIS
245 10 - TITLE STATEMENT
Title Agrarianism in American history,
Statement of responsibility, etc edited with an introd. by Louis H. Douglas.
504 ## - BIBLIOGRAPHY, ETC. NOTE
Bibliography, etc Bibliography: p. 209-211.
906 ## - LOCAL DATA ELEMENT F, LDF (RLIN)
a 7
b cbc
c orignew
d u
e ncip
f 19
g y-gencatlg
942 ## - ADDED ENTRY ELEMENTS (KOHA)
Source of classification or shelving scheme
Item type Books
Holdings
Withdrawn status Lost status Source of classification or shelving scheme Damaged status Not for loan Collection code Permanent location Current location Shelving location Date acquired Total Checkouts Full call number Barcode Date last seen Price effective from Koha item type
          Koleksioni i përgjithshem UBT - Lipjan UBT - Lipjan Koleksioni i përgjithshem 03/09/2018   338.1 DOU 002-3001496 03/09/2018 03/09/2018 Books
UBT Library © 2015-2024. All rights reserved University Education for Business and Technology